000 01096nmc a2200373 a 4500
003 AR-BaBNM
005 20251128211523.0
008 294120s2004 ||||||||||||||000 | spa||
020 _a84-7112-493-9
040 _cAR-BaBNM
245 1 0 _aGénero, etnicidad y educación en América Latina
260 _aMadrid
_bEdiciones Morata
_c2004
_bPROEIB Andes
_bInWent
_bTantanakuy
300 0 _a207 p.
490 0 _aPedagogía. Educación, culturas y lenguas en América Latina
504 _aContiene referencias bibliográficas al final de cada capítulo
650 4 _aEDUCACION DE LA MUJER
650 4 _aGRUPOS ETNICOS
650 4 _aABORIGENES
650 4 _aEDUCACION RURAL
650 4 _aPROGRAMAS DE EDUCACION
650 4 _aDIFERENCIAS ENTRE SEXOS
650 4 _aANTROPOLOGIA CULTURAL Y SOCIAL
650 4 _aFEMINISMO
651 4 _aBolivia
651 4 _aMéxico
651 4 _aAmérica Latina
651 4 _aPerú
651 4 _aGuatemala
653 _aEXPERIENCIAS EDUCATIVAS
653 _aGENERO
700 1 _aSichra, Inge
_ecompilador
942 _cBK
998 _craquel
999 _c20009
_d20009